000 00702nam a22002057a 4500
003 UA-OsUOA
001 83321
007 ta
008 20120409b un ||||| |||| 00| 0 ukr d
090 _a30(477)
_bМ77
942 _cSA
040 _aUA-OsUOA
_bukr
_cUA-OsUOA
_dUA-OsUOA
245 _aМонетарна політика та перспективи грошово-кредитнго ринку
300 _aС.3-6
955 _a0
041 _aukr
080 _a30(477)
773 0 _w83320
_tФінансовий ринок України
_dК.
_d2012
_g3
650 7 _a30 Основні теорії, методологія та методи суспільних наук. Соціографія
_2UDC
999 _c369639
_d369639